000 00366nam a22001577a 4500
005 20161022155745.0
008 161022b xxu||||| |||| 00| 0 eng d
020 _a81-267-12345-X
041 _aeng
100 _aBAJPAI,PUNYA PRASUN
_93652
245 _aANCHOR REPORTER
260 _bRAJKAMAL
300 _a147
650 _aMASS COM @JOURNLISM
_93654
942 _cBK
999 _c5301
_d5299